Derecho y ruptura. A propósito del proceso emancipador en el Perú del ochocientos
Guardat en:
| Autor principal: | |
|---|---|
| Format: | Llibre |
| Idioma: | espanyol |
| Publicat: |
Lima
Pontificia Universidad Católica del Perú
1989
|
| Matèries: | |
| Etiquetes: |
Afegir etiqueta
Sense etiquetes, Sigues el primer a etiquetar aquest registre!
|
MARC
| LEADER | 00000nam a2200000 a 4500 | ||
|---|---|---|---|
| 001 | UCR4664 | ||
| 003 | CL-VaPUC | ||
| 008 | 980313e19890000PE |||||||||||||||||spa|d | ||
| 082 | 0 | 4 | |a 349.85 |b ORT |2 21 |
| 100 | |a Ortiz Caballero, René |e autor |9 405141 | ||
| 245 | 1 | 0 | |a Derecho y ruptura. A propósito del proceso emancipador en el Perú del ochocientos |
| 300 | |a 142 p | ||
| 942 | |c BK | ||
| 945 | |d 19980313 00:00:00 |a aolguin | ||
| 260 | |a Lima |b Pontificia Universidad Católica del Perú |c 1989 | ||
| 650 | 0 | |a Derecho peruano |9 386941 | |
| 650 | 0 | |a Historia del derecho |9 255109 | |
| 650 | 0 | |a Independencia |9 344246 | |
| 650 | 0 | |a Historiografía |9 257871 | |
| 651 | 0 | |a Perú |9 256567 | |
| 583 | |a last modification |c 19980313 00:00:00 |k Rodrigo Vera | ||
| 999 | |c 267564 |d 267562 | ||
| 952 | |0 0 |1 0 |4 0 |6 349_850000000000000_ORT_1989 |7 0 |8 DER_HIS |9 299957 |a BIBDER |b BIBDER |d 2019-11-20 |i 1961098 |o 349.85 ORT 1989 |p 1961098 |r 2023-01-25 |w 2019-11-20 |x Ubicación 4to Piso |y BK |z Estos recursos deben solicitarse con anticipación |k DER | ||
| 952 | |0 0 |1 0 |4 0 |6 349_850000000000000_ORT_1989 |7 0 |8 A |9 299958 |a BIBDER |b BIBDER |d 2019-11-20 |i 4660463 |o 349.85 ORT 1989 |p 4660463 |r 2023-01-25 |w 2019-11-20 |y BK |k DER | ||